Earth science. (Record no. 22431)
[ view plain ]
| 000 -LEADER | |
|---|---|
| fixed length control field | 00746nam a2200253Ia 4500 |
| 020 ## - INTERNATIONAL STANDARD BOOK NUMBER | |
| ISBN | 002826908X (Teacher ed.) |
| 020 ## - INTERNATIONAL STANDARD BOOK NUMBER | |
| ISBN | 9780028269115(Teacher ed.) |
| 040 ## - CATALOGING SOURCE | |
| Transcribing agency | UWC |
| 082 ## - DEWEY DECIMAL CLASSIFICATION NUMBER | |
| Classification number | MER RAL 1995 C284 Or. |
| 100 1# - MAIN ENTRY--AUTHOR NAME | |
| Personal name | Feather, Ralph M |
| 245 10 - TITLE STATEMENT | |
| Title | Earth science. |
| 246 3# - VARYING FORM OF TITLE | |
| Title proper/short title | Merrill earth science |
| 260 ## - PUBLICATION, DISTRIBUTION, ETC. (IMPRINT) | |
| Place of publication | New York, N.Y. : |
| Name of publisher | Glencoe/McGraw-Hill, |
| Year of publication | c1995 |
| 300 ## - PHYSICAL DESCRIPTION | |
| Number of Pages | 1 teacher ed. + |
| Accompanying material | 19 teacher resources ; |
| Dimensions | 29 cm |
| 500 ## - GENERAL NOTE | |
| General note | Vols. 19-20 are part of the Glencoe science professional series |
| 650 #0 - SUBJECT ADDED ENTRY--TOPICAL TERM | |
| Topical Term | Science |
| 650 #0 - SUBJECT ADDED ENTRY--TOPICAL TERM | |
| Topical Term | Earth sciences |
| 650 #0 - SUBJECT ADDED ENTRY--TOPICAL TERM | |
| Topical Term | Earth sciences |
| 650 #0 - SUBJECT ADDED ENTRY--TOPICAL TERM | |
| Topical Term | Earth sciences |
| 700 1# - ADDED ENTRY--PERSONAL NAME | |
| Personal name | Snyder, Susan Leach |
| 700 1# - ADDED ENTRY--PERSONAL NAME | |
| Personal name | Hesser, Dale T |
| 710 2# - ADDED ENTRY--CORPORATE NAME | |
| Corporate name or jurisdiction name as entry element | Glencoe/McGraw-Hill |
| 942 ## - ADDED ENTRY ELEMENTS (KOHA) | |
| Koha item type | ADB |
| 952 ## - LOCATION AND ITEM INFORMATION (KOHA) | |
| Withdrawn status [LOCAL, KOHA] | 0 |
| Permanent Location | Date acquired | Koha item type | Lost status | Shelving location | Barcode | Current Location | Full call number |
|---|---|---|---|---|---|---|---|
| Library Block C | 2023-12-27 | ADB | C284 | a16224 | Library Block C | MER RAL 1995 C284 Or. |